Služby zamestnanosti

Komentár k úplnému zneniu zákona č. 5/2004 Z. z. o službách zamestnanosti a o zmene a doplnení niektorých zákonov.

Saved in:
Bibliographic Details
Main Author: Demek, Peter
Format: Book Chapter
Language:Slovak
Subjects:
Tags: Add Tag
No Tags, Be the first to tag this record!

MARC

LEADER 00000naa a2200000 4500
001 0205886
005 20231109105114.1
041 0 |a slo 
044 |a SK 
245 1 0 |a Služby zamestnanosti  |c Peter Demek 
520 |a Komentár k úplnému zneniu zákona č. 5/2004 Z. z. o službách zamestnanosti a o zmene a doplnení niektorých zákonov. 
610 2 0 |a zákony 
610 2 0 |a zamestnanosť 
610 2 0 |a nezamestnanosť 
610 2 0 |a zamestnávatelia 
610 2 0 |a zamestnanci 
610 2 0 |a služby zamestnanosti 
610 2 0 |a trh práce 
610 2 0 |a úrady práce 
610 2 0 |a prax absolventská 
610 2 0 |a príspevky štátne 
610 2 0 |a dielne chránené 
100 1 |a Demek, Peter